Seroprevace, Molecular Epidemiology , Vertical Transmission Of Bovine Retroviruses and Common Parasites,ការរកឃើញជំងឺ AIDS គោ ក្របីនៅកម្ពុជា អាស៊ី អាហ្វ្រីក អាមេរិកឡាទីន ការឆ្លងពីមេមកកូន និងការវិភាគសែនរបស់វាព្រមទាំងជំងឺបរាសិតសំខាន់ៗនៅប្រទេសកម្ពុជា (Record no. 25458)

000 -LEADER
fixed length control field 00778nam a22001217a 4500
040 ## - CATALOGING SOURCE
Transcribing agency RUA
082 ## - DEWEY DECIMAL CLASSIFICATION NUMBER
Classification number RUA MEA 2013 C108 Or.
100 ## - MAIN ENTRY--AUTHOR NAME
Personal name MEAS SOTHY,
245 ## - TITLE STATEMENT
Title Seroprevace, Molecular Epidemiology , Vertical Transmission Of Bovine Retroviruses and Common Parasites,ការរកឃើញជំងឺ AIDS គោ ក្របីនៅកម្ពុជា អាស៊ី អាហ្វ្រីក អាមេរិកឡាទីន ការឆ្លងពីមេមកកូន និងការវិភាគសែនរបស់វាព្រមទាំងជំងឺបរាសិតសំខាន់ៗនៅប្រទេសកម្ពុជា
260 ## - PUBLICATION, DISTRIBUTION, ETC. (IMPRINT)
Place of publication PHNOM PENH
Name of publisher RUA
Year of publication 2012
300 ## - PHYSICAL DESCRIPTION
Number of Pages 277p.
Other physical details ill.
Dimensions 29cm.
942 ## - ADDED ENTRY ELEMENTS (KOHA)
Koha item type សៀវភៅគោល
952 ## - LOCATION AND ITEM INFORMATION (KOHA)
Withdrawn status [LOCAL, KOHA] 0
Holdings
Permanent Location Date acquired Koha item type Lost status Shelving location Barcode Current Location Full call number
Library Block C2026-02-04សៀវភៅគោល C108C034280Library Block CRUA MEA 2013 C108 Or.
មជ្ឈមណ្ឌលឯការនៃសាកលវិទ្យាល័យភូមិន្ទកសិកម្មចំការដូង

Powered by Koha